000 00892cac a22002291u 4500
090 _c6080
008 081112t2000 xxu||||| |||| 00| 0 eng d
010 _a00023401
020 _a0765806967 (alk. paper)
082 0 0 _a171.4
_bTIG
100 _aTiger, Lionel,
245 1 4 _aThe pursuit of pleasure /
_cLionel Tiger ; with a new prologue by the author.
260 _aNew Brunswick :
_bTransaction Publishers,
_cc2000.
300 _axv, 330 p. ;
_c23 cm.
500 _aOriginally published: Boston : Little, Brown, 1992. With new prologue.
500 _aDistributer: Al-Ahram.
504 _aIncludes bibliographical references (p. 301-315) and index.
511 _aCatalogued By: Mahitab.
650 0 _aPleasure.
942 _cBB
_k171.4TIG
_2ddc
999 _c6080
_d6080